<?xml version="1.0" encoding="UTF-8"?>
<record
    xmlns:xsi="http://www.w3.org/2001/XMLSchema-instance"
    xsi:schemaLocation="http://www.loc.gov/MARC21/slim http://www.loc.gov/standards/marcxml/schema/MARC21slim.xsd"
    xmlns="http://www.loc.gov/MARC21/slim">

  <leader>01344nam a22002297a 4500</leader>
  <datafield tag="952" ind1=" " ind2=" ">
    <subfield code="0">0</subfield>
    <subfield code="1">0</subfield>
    <subfield code="4">0</subfield>
    <subfield code="7">0</subfield>
    <subfield code="a">18</subfield>
    <subfield code="b">18</subfield>
    <subfield code="d">2016-09-17</subfield>
    <subfield code="l">1</subfield>
    <subfield code="o">K3943 S35 2013</subfield>
    <subfield code="p">18 003679</subfield>
    <subfield code="r">2018-01-29</subfield>
    <subfield code="s">2018-01-29</subfield>
    <subfield code="t">1</subfield>
    <subfield code="w">2016-09-17</subfield>
    <subfield code="y">LB</subfield>
  </datafield>
  <datafield tag="999" ind1=" " ind2=" ">
    <subfield code="c">100922</subfield>
    <subfield code="d">100922</subfield>
  </datafield>
  <controlfield tag="008">160917s2013    mx ||||fr|||| 00| 0 spa d</controlfield>
  <datafield tag="020" ind1=" " ind2=" ">
    <subfield code="a">9786070914126</subfield>
  </datafield>
  <datafield tag="050" ind1="0" ind2="4">
    <subfield code="a">K3943</subfield>
    <subfield code="b">S35 2013</subfield>
  </datafield>
  <datafield tag="100" ind1="1" ind2=" ">
    <subfield code="a">Salda&#xF1;a P&#xE9;rez, Juan Manuel</subfield>
    <subfield code="e">autor</subfield>
  </datafield>
  <datafield tag="245" ind1="1" ind2="0">
    <subfield code="a">Comercio internacional</subfield>
    <subfield code="b"> : r&#xE9;gimen jur&#xED;dico econ&#xF3;mico</subfield>
    <subfield code="c"> / Juan Manuel Salda&#xF1;a P&#xE9;rez</subfield>
  </datafield>
  <datafield tag="250" ind1=" " ind2=" ">
    <subfield code="a">4a. edici&#xF3;n</subfield>
  </datafield>
  <datafield tag="260" ind1="3" ind2=" ">
    <subfield code="a">M&#xE9;xico</subfield>
    <subfield code="b"> : Porr&#xFA;a</subfield>
    <subfield code="c">, 2013</subfield>
  </datafield>
  <datafield tag="300" ind1=" " ind2=" ">
    <subfield code="a">xxix, 533 p&#xE1;ginas</subfield>
  </datafield>
  <datafield tag="504" ind1=" " ind2=" ">
    <subfield code="a">Bibliograf&#xED;a (pp. 509-533)</subfield>
  </datafield>
  <datafield tag="505" ind1=" " ind2=" ">
    <subfield code="a">Regulaci&#xF3;n del comercio a nivel internacional  y en M&#xE9;xico
pr&#xE1;cticas desleales de comercio internacional
Pr&#xE1;ctica desleal de dumping
Pr&#xE1;ctica desleal de subvenci&#xF3;n a la industria y a la agricultura
Da&#xF1;o importante, amenaza de da&#xF1;o importante o retraso importante y causalidad, por dumping y subvenciones
Procedimiento com&#xFA;n de investigaciones por dumping y subvenciones
Cuotas compensatorias y procedimientos derivados de su aplicaci&#xF3;n
Medidas de salvaguardia
Medios de impugnaci&#xF3;n de resoluciones por dumping y subvenciones</subfield>
  </datafield>
  <datafield tag="519" ind1=" " ind2=" ">
    <subfield code="a">Educaci&#xF3;n Mixta / </subfield>
    <subfield code="b">Administraci&#xF3;n / </subfield>
    <subfield code="c">Comercio Exterior (P21-3) / </subfield>
    <subfield code="d">(18 003679)</subfield>
  </datafield>
  <datafield tag="650" ind1="1" ind2="4">
    <subfield code="a">REGULACI&#xD3;N DEL COMERCIO EXTERIOR</subfield>
  </datafield>
  <datafield tag="650" ind1="2" ind2="4">
    <subfield code="a">RELACIONES ECON&#xD3;MICAS INTERNACIONALES</subfield>
  </datafield>
  <datafield tag="650" ind1="3" ind2="4">
    <subfield code="a">LIBRE COMERCIO</subfield>
  </datafield>
  <datafield tag="650" ind1="4" ind2="4">
    <subfield code="a">DERECHO MERCANTIL</subfield>
    <subfield code="x">LEYES  Y LEGISLACI&#xD3;N</subfield>
  </datafield>
  <datafield tag="942" ind1=" " ind2=" ">
    <subfield code="c">LB</subfield>
  </datafield>
</record>
